Derecho penal español / (Record no. 138221)

MARC details
000 -LEADER
campo de control de longitud fija 00686nam a2200181 4500
001 - NÚMERO DE CONTROL
campo de control 138221
003 - IDENTIFICADOR DE NÚMERO DE CONTROL
campo de control ES-MaACL
005 - FECHA Y HORA DE LA ÚLTIMA TRANSACCIÓN
campo de control 20250929063205.0
007 - CAMPO FIJO DE DESCRIPCIÓN FÍSICA--INFORMACIÓN GENERAL
campo de control de longitud fija t|
008 - DATOS DE LONGITUD FIJA--INFORMACIÓN GENERAL
campo de control de longitud fija 070214s1942 sp r ||||1| spa d
100 1# - ENTRADA PRINCIPAL--NOMBRE DE PERSONA
Nombre de persona Sánchez Tejerina, Isaías,
Fechas asociadas al nombre 1892-1959
9 (RLIN) 102947
245 10 - MENCIÓN DEL TÍTULO
Título Derecho penal español /
Mención de responsabilidad, etc. Isaías Sánchez Tejerina.
260 ## - PUBLICACIÓN, DISTRIBUCIÓN, ETC.
Lugar de publicación, distribución, etc. Madrid :
Nombre del editor, distribuidor, etc. Reus,
Fecha de publicación, distribución, etc. 1942.
300 ## - DESCRIPCIÓN FÍSICA
Extensión 2 v. ;
Dimensiones 22 cm.
500 ## - NOTA GENERAL
Nota general Contiene: v. I: Introducción ; Parte general . La ley penal . El delito . La pena y otras medidas ------- v. II: Parte especial . Los delitos y las faltas en particular, y sus penas.
852 ## - LOCALIZACIÓN
Ubicación ES-MaACL
Número de control de estantería B-8542-43
Sublocalización o colección R.19977
Holdings
Estatus retirado Estado de pérdida Estado de daño No para préstamo Biblioteca de origen Biblioteca actual Ubicación en estantería Fecha de adquisición Fuente de adquisición Total de préstamos Signatura topográfica completa Código de barras Visto por última vez Precio de reemplazo Tipo de ítem Koha
        Biblioteca del Ateneo de Madrid Biblioteca del Ateneo de Madrid Sala Pardo Bazán 17/01/2008     B-8542-43 1143828 23/02/2023 23/02/2023 Libro impreso